Property rights implications of public-private joint ventures (Record no. 62334)

MARC details
000 -LEADER
fixed length control field 01020cam a2200253 4500
001 - CONTROL NUMBER
control field ABS61761
008 - FIXED-LENGTH DATA ELEMENTS--GENERAL INFORMATION
fixed length control field 000000n2000 000 0 eng u
035 ## - SYSTEM CONTROL NUMBER
System control number (Sirsi) u103803
100 ## - MAIN ENTRY--PERSONAL NAME
Personal name Kwok-Chun, W.
245 ## - TITLE STATEMENT
Title Property rights implications of public-private joint ventures
260 ## - PUBLICATION, DISTRIBUTION, ETC.
Date of publication, distribution, etc. 2000
490 ## - SERIES STATEMENT
Series statement Construction Management and Economics
Volume/sequential designation (18) January 2000, 131-138(8)
520 ## - SUMMARY, ETC.
Summary, etc. Argues that a cooperative joint venture between a public institution and a private developer will reduce dissipation of rent under public ownership and lead to a transfer of shares from the public institution to the private developer. Gives examples from Hong Kong and China and discusses variations of the cooperative joint venture.
590 ## - LOCAL NOTE (RLIN)
Local note ABS
650 ## - SUBJECT ADDED ENTRY--TOPICAL TERM
Topical term or geographic name entry element JOINT VENTURES
650 ## - SUBJECT ADDED ENTRY--TOPICAL TERM
Topical term or geographic name entry element PUBLIC PRIVATE PARTNERSHIPS
650 ## - SUBJECT ADDED ENTRY--TOPICAL TERM
Topical term or geographic name entry element EQUITY
650 ## - SUBJECT ADDED ENTRY--TOPICAL TERM
Topical term or geographic name entry element CHINA
650 ## - SUBJECT ADDED ENTRY--TOPICAL TERM
Topical term or geographic name entry element HONG KONG
650 ## - SUBJECT ADDED ENTRY--TOPICAL TERM
Topical term or geographic name entry element PROPERTY RIGHTS
690 ## - LOCAL SUBJECT ADDED ENTRY--TOPICAL TERM (OCLC, RLIN)
Topical term or geographic name as entry element BUILDING AND CONSTRUCTION-PROJECTS
700 ## - ADDED ENTRY--PERSONAL NAME
Personal name Walker, A.
942 ## - ADDED ENTRY ELEMENTS (KOHA)
Suppress in OPAC 0
Holdings
Withdrawn status Lost status Source of classification or shelving scheme Damaged status Not for loan Home library Current library Shelving location Date acquired Total Checkouts Full call number Barcode Date last seen Copy number Price effective from Koha item type
    Dewey Decimal Classification     London London Journal article 27/01/2000   ABS61761 103803-1001 06/08/2019 1 06/08/2019 Journal article